| 000 | 00000nam##2200000za#4500 |
| 001 | 9.643093 |
| 003 | CaOODSP |
| 005 | 20210624224017 |
| 007 | cr ||||||||||| |
| 008 | 150407|2003||||xxc|||||o f|0| 0 fre|d |
| 040 | |aCaOODSP|bfre |
| 043 | |an-cn--- |
| 086 | 1 |aEn4-25/2003F-PDF |
| 110 | 1 |aCanada. |bEnvironnement Canada. |bDirection de la conservation de l'environnement. |
| 245 | 10|aPortrait global de l'état du Saint-Laurent - l'eau, les sédiments, les ressources biologiques et les usages : |h[ressource électronique]|bsuivi de l'état du Saint-Laurent / |crédaction : Jean Painchaud, Direction du suivi de l'état de l'environnement, Ministère de l'Environnement du Québec, et Serge Villeneuve, Direction de la conservation de l'environnement, Environnement Canada. |
| 260 | |aSainte-Foy - Québec : |bEnvironnement Canada. |cc2003. |
| 300 | |a18p.|bcarte en couleur, graphique, tableaux, photographies |
| 500 | |aLe n° de catalogue (En4-25/2003F) et l'ISBN (0-662-88345-4) de l'édition imprimée ont été incorrectement copiés dans l'édition électronique. |
| 590 | |a14-21-Supp|b2014-12-11 |
| 691 | 07|aGestion de l'environnement|2gcpds |
| 691 | 07|aVoie navigable|2gcpds |
| 775 | 08|tOverview of the state of the St. Lawrence River - water, sediments, biological resources and uses : |w(CaOODSP)9.699131 |
| 856 | 40|ahttp://publications.gc.ca|qPDF|s717 Ko|uhttps://publications.gc.ca/collections/collection_2014/ec/En4-25-2003-fra.pdf |